Les temps difficiles / (Registro nro. 48750)

Detalles MARC
000 -LEADER
campo de control de longitud fija 00669nam a22001935i 4500
001 - NÚMERO DE CONTROL
campo de control 48750
003 - IDENTIFICADOR DE NÚMERO DE CONTROL
campo de control ES-MaACL
005 - FECHA Y HORA DE LA ÚLTIMA TRANSACCIÓN
campo de control 20230906161819.0
007 - CAMPO FIJO DE DESCRIPCIÓN FÍSICA--INFORMACIÓN GENERAL
campo de control de longitud fija t|
008 - DATOS DE LONGITUD FIJA--INFORMACIÓN GENERAL
campo de control de longitud fija 950727s1859 fr ||||1| fre d
080 ## - NÚMERO DE LA CLASIFICACIÓN DECIMAL UNIVERSAL
Número de la Clasificación Decimal Universal 821.111-31"18"
100 1# - ENTRADA PRINCIPAL--NOMBRE DE PERSONA
Nombre de persona Dickens, Charles.
9 (RLIN) 44489
245 14 - MENCIÓN DEL TÍTULO
Título Les temps difficiles /
Mención de responsabilidad, etc. par Ch. Dickens v; roman anglais traduit avec l'autorisation de l'auteur sous la direction de P. Lorain par William Hugues.
260 ## - PUBLICACIÓN, DISTRIBUCIÓN, ETC.
Lugar de publicación, distribución, etc. Paris :
Nombre del editor, distribuidor, etc. L. Hachette et Cie.,
Fecha de publicación, distribución, etc. 1859 (
Fabricante Ch. Lahure et Cie.)
300 ## - DESCRIPCIÓN FÍSICA
Extensión VIII, 330 p. ;
Dimensiones 18 cm.
700 1# - ENTRADA AGREGADA--NOMBRE PERSONAL
Nombre de persona Lorain, Paul (
Fechas asociadas al nombre 1799-1861)
9 (RLIN) 74061
700 1# - ENTRADA AGREGADA--NOMBRE PERSONAL
Nombre de persona Hugues, William.
9 (RLIN) 64638
852 4# - LOCALIZACIÓN
Ubicación ES-MaACL
Número de control de estantería F-11055
Existencias
Estatus retirado Estado de pérdida Estado de daño No para préstamo Colección Biblioteca de origen Biblioteca actual Ubicación en estantería Fecha de adquisición Fuente de adquisición Total de préstamos Signatura topográfica completa Código de barras Visto por última vez Precio de reemplazo Tipo de ítem Koha
        Libros del s. XIX Biblioteca del Ateneo de Madrid Biblioteca del Ateneo de Madrid Sala Pecera Planta 2 17/01/2008     F-11055 1051303 23/02/2023 23/02/2023 Libro impreso antiguo